| 000 | 00770nam a2200181Ia 4500 | ||
|---|---|---|---|
| 008 | 151018s9999 xx 000 0 und d | ||
| 082 |
_bRBASDV61189 _a133.5 |
||
| 100 | _aमधुसूदन घाणेकर | ||
| 245 | _aकर्तुत्ववान महिलांच्या कुंडल्या | ||
| 250 | _b1 | ||
| 260 |
_bसुयोग प्रकाशन पुणे _c2010 |
||
| 300 | _a77 | ||
| 600 | _aमधुसूदन घाणेकर | ||
| 630 | _aकर्तुत्ववान महिलांच्या कुंडल्या | ||
| 700 | _aमधुसूदन घाणेकर | ||
| 730 | _aकर्तुत्ववान महिलांच्या कुंडल्या | ||
| 942 | _cBOOK | ||
| 999 |
_c1054677 _d1054674 |
||